Atlas de botánica (Registro nro. 2385)

Detalles MARC
000 -CABECERA
Longitud fija campo de control 01094nam a2200313Ia 4500
005 - • FECHA Y HORA DE LA ÚLTIMA TRANSACCIÓN
Fecha y hora de la última transacción 20220316235842.0
008 - • CÓDIGOS DE INFORMACIÓN DE LONGITUD FIJA
Códigos de información de longitud fija 121119s1997 sp a gr 000 0 spa
020 ## - • NÚMERO INTERNACIONAL NORMALIZADO PARA LIBROS
Número Internacional Normalizado para Libros (ISBN) 8480550570
041 ## - • CÓDIGO DE LENGUA
Código de lengua del texto/banda sonora o título independiente spa
082 04 - • NÚMERO DE LA CLASIFICACIÓN DECIMAL DEWEY
Número de clasificación (R) R 580.0223
Número del ítem A74
040 ## - FUENTE DE LA CATALOGACIÓN
Centro catalogador de origen CO-BoRNBP
Lengua de catalogación spa
Normas de descripción rda
Centro transcriptor CO-BoRNBP
100 1# - • PUNTO DE ACCESO PRINCIPAL-NOMBRE DE PERSONA
Nombre de persona Cuerda Quintana, Josep
245 10 - • TITULO PROPIAMENTE DICHO
Título Atlas de botánica
Resto del título el mundo de las plantas
Mención de responsabilidad, etc. Josep Cuerda Quintana ; ilustraciones de Archivo Thema, X. Palaus, J. Gómez, F. Martínez
250 ## - • MENCIÓN DE EDICIÓN
Mención de edición Primera edición
264 ## - PRODUCCIÓN, PUBLICACIÓN , DISTRIBUCIÓN, FABRICACIÓN Y COPYRIGHT
Lugar de producción, publicación, distribución, fabricación Barcelona
Nombre del productor, editor, distribuidor, fabricante Cultura
Fecha de de producción, publicación, distribución, fabricación o copyright 1997
300 ## - • DESCRIPCIÓN FÍSICA
Extensión 112 páginas
Otras características físicas ilustraciones a color
Dimensiones 23 cm
336 ## - TIPO DE CONTENIDO
Término de tipo de contenido texto
Código de tipo de contenido txt
Fuente rdacontent
337 ## - TIPO DE MEDIO
Nombre del tipo de medio sin mediación
Código del tipo de medio n
Fuente rdamedia
338 ## - TIPO DE SOPORTE
Nombre del tipo de soporte volumen
Código del tipo de soporte nc
Fuente rdacarrier
650 14 - • PUNTO DE ACCESO ADICIONAL DE MATERIA - TÉRMINO DE MATERIA
Fuente del encabezamiento o término LEMB
Término de materia o nombre geográfico como elemento inicial Botánica
Subdivisión de forma Atlas
650 14 - • PUNTO DE ACCESO ADICIONAL DE MATERIA - TÉRMINO DE MATERIA
Fuente del encabezamiento o término LEMB
Término de materia o nombre geográfico como elemento inicial Fisiología vegetal
Subdivisión de forma Atlas
650 14 - • PUNTO DE ACCESO ADICIONAL DE MATERIA - TÉRMINO DE MATERIA
Fuente del encabezamiento o término LEMB
Término de materia o nombre geográfico como elemento inicial Taxonomía vegetal
650 14 - • PUNTO DE ACCESO ADICIONAL DE MATERIA - TÉRMINO DE MATERIA
Fuente del encabezamiento o término LEMB
Término de materia o nombre geográfico como elemento inicial Medio ambiente
Subdivisión de forma Atlas
700 1# - • PUNTO DE ACCESO ADICIONAL - NOMBRE DE PERSONA
Nombre de persona Palaus, X.
Término indicativo de función ilustrador
700 1# - • PUNTO DE ACCESO ADICIONAL - NOMBRE DE PERSONA
Nombre de persona Gómez, J.
Término indicativo de función ilustrador
700 1# - • PUNTO DE ACCESO ADICIONAL - NOMBRE DE PERSONA
Nombre de persona Martínez, F.
Término indicativo de función ilustrador
710 2# - • PUNTO DE ACCESO ADICIONAL - NOMBRE DE ENTIDAD
Nombre de entidad o nombre de jurisdicción como elemento inicial Archivo Thema
Término indicativo de función ilustrador
942 ## - ENTRADA DE ELEMENTOS AGREGADOS (KOHA)
Fuente de clasificaión o esquema Dewey Decimal Classification
Koha [por defecto] tipo de item Libro Referencia
Existencias
Perdido Fuente de clasificación o esquema Estado Físico No para préstamo Forma de adquisición Localización permanente Localización actual Localización en estanterías Fecha adquisición Préstamos totales Signatura completa Código de barras Fecha última consulta Número de copia Fecha del precio de reemplazo Tipo de item de Koha
  Dewey Decimal Classification     Colección General Biblioteca Pública Dorado Biblioteca Pública Dorado Referencia 02/27/2023   R 580.0223 DOR01312 02/27/2023 Ej.1 02/27/2023 Libro Referencia
  Dewey Decimal Classification     Colección General Biblioteca Pública Fuentedeoro - Henry Llanos García Biblioteca Pública Fuentedeoro - Henry Llanos García General 06/06/2023   R 580.0223 A74 Fo00001086 06/06/2023 Ej.1 06/06/2023 Libro Referencia
  Dewey Decimal Classification     Colección General Biblioteca Pública Puerto Lleras Biblioteca Pública Puerto Lleras Referencia 02/27/2023   R5800223 A74 PL00225 02/27/2023 Ej.1 02/27/2023 Libro Referencia
  Dewey Decimal Classification     Colección General Biblioteca Pública San Carlos de Guaroa - Eduardo Carranza Biblioteca Pública San Carlos de Guaroa - Eduardo Carranza Referencia 10/22/2024   R 580.022 A74 SG02090 10/22/2024 Ej.1 10/22/2024 Libro Referencia
  Dewey Decimal Classification     Colección General Biblioteca Pública San Carlos de Guaroa - Eduardo Carranza Biblioteca Pública San Carlos de Guaroa - Eduardo Carranza Referencia 10/22/2024   R 580.0223 A74 SG02091 10/22/2024 Ej.1 10/22/2024 Libro Referencia
  Dewey Decimal Classification     Colección General Biblioteca Pública San Carlos de Guaroa - Eduardo Carranza Biblioteca Pública San Carlos de Guaroa - Eduardo Carranza Referencia 10/24/2024   R 580.0223 A74 SG02092 10/24/2024 Ej.1 10/24/2024 Libro Referencia
  Dewey Decimal Classification     Colección General Biblioteca Pública Guamal Biblioteca Pública Guamal Referencia 04/28/2023   R 580.0223 A74 GUA003453 04/28/2023 Ej.1 04/28/2023 Libro Referencia
  Dewey Decimal Classification     Colección General Biblioteca Pública Guamal Biblioteca Pública Guamal Referencia 04/28/2023   R 580.0223 A74 GUA003454 04/28/2023 Ej.1 04/28/2023 Libro Referencia
  Dewey Decimal Classification     Colección General Biblioteca Pública La Macarena Biblioteca Pública La Macarena General 11/06/2025   R 580.0223 A74 LM03556 11/06/2025 Ej.1 11/06/2025 Libro Referencia
  Dewey Decimal Classification     Sala Referencia Biblioteca Pública Mapiripan Biblioteca Pública Mapiripan Referencia 01/11/2024   R 580.0223 A74 MAP00001224 01/11/2024 Ej.1 01/11/2024 Libro Referencia
  Dewey Decimal Classification     Colección General Biblioteca Pública Medellin del Ariari - El Castillo Biblioteca Pública Medellin del Ariari - El Castillo Referencia 11/17/2024   580.022 C82A BM0000965 11/17/2024 Ej.1 11/17/2024 Libro Referencia
  Dewey Decimal Classification     Sala Referencia Biblioteca Pública San Juan de Arama - Concepción de Arama Biblioteca Pública San Juan de Arama - Concepción de Arama Referencia 08/29/2023   R 580.022 A74 SJA00823 08/29/2023 Ej.1 08/29/2023 Libro Referencia









Instituto Departamental de Cultura del Meta - Red Departamental de Bibliotecas Públicas del Meta.